| 000 | 00652nam a22001937a 4500 | ||
|---|---|---|---|
| 010 | _aENG-143727 | ||
| 020 |
_a9788197759048 _c2495.00 |
||
| 035 | _aEN-127259 | ||
| 037 | _bDBAD | ||
| 082 | _a346.540438 | ||
| 100 |
_aMulla , Dinshaw Fardunji _977354 |
||
| 245 |
_aThe Registration Act _cby Dinshaw Fardunji Mulla [and] Srinath Sridevan |
||
| 250 | _a15th | ||
| 260 |
_aHaryana _bLexis Nexis _c2025 |
||
| 270 |
_a4th Floor, Building No.10, Tower-B, DLF Cyber City, Phase-II Gurgaon, _bHaryana _e 122002 |
||
| 300 |
_acxxii,1025p.: _billus. _c24cm(Hb) |
||
| 700 |
_aSridevan ,Srinath _977355 |
||
| 942 |
_2ddc _cEN _h346.540438 _mMUL |
||
| 999 |
_c208932 _d208932 |
||